000
00327nam a22001337a 4500
008
171031b xxu||||| |||| 00| 0 eng d
020
_a
9780205561209
041
_a
eng
080
_2
6TH
_a
33
100
_a
58
101
_a
BUS
245
_a
STRATEGIC COMMUNICATION IN BUSINESS AND THE PROFESSIONS
_c
O'HAIR,D
942
_2
udc
_c
BK
999
_c
36711
_d
36711